|
|
|
|
| LEADER |
00698cam a2200193 7i4500 |
| 001 |
0000050560 |
| 005 |
20160810090000.0 |
| 090 |
0 |
0 |
|a TD1040
|b .C76 1993
|
| 100 |
1 |
|
|a Crouth, Gary
|
| 245 |
1 |
0 |
|a How to recognize a hazardous waste :
|b (even if it's wearing dark glasses)
|c Gary Crouth ; illustrations by William M. Vrscak.
|
| 250 |
|
|
|a 8th ed.
|
| 260 |
|
|
|a Pittsburgh, PA:
|b Digby Book Ltd,
|c 1993.
|
| 300 |
|
|
|a 70 p.;
|c 22 cm.
|
| 500 |
|
|
|a Includes index
|
| 650 |
0 |
0 |
|a Hazardous wastes
|
| 650 |
0 |
0 |
|a Hazardous wastes --
|z United States
|
| 650 |
0 |
0 |
|a Hazardous wastes --
|x Law and legislation --
|z United States
|
| 700 |
1 |
|
|a Vrscak, William M
|
| 999 |
|
|
|a 0000058743
|b BOK
|c OPEN SHELF
|e 1st Floor, Shah Alam
|